[Využitie podnikovej kultúry v personálnom riadení]

Recenzia na monografiu, ktorá reaguje na vysoko aktuálnu problematiku využitia podnikovej kultúry v personálnom riadení.

Salvato in:
Dettagli Bibliografici
Autore principale: Jankelová, Nadežda, 1966-
Natura: Capitolo di libro
Lingua:slovacco
Soggetti:
Tags: Aggiungi Tag
Nessun Tag, puoi essere il primo ad aggiungerne!!

MARC

LEADER 00000naa a2200000 4500
001 0196345
005 20240502073317.5
041 0 |a slo 
044 |a SK 
245 1 0 |a [Využitie podnikovej kultúry v personálnom riadení]  |c Nadežda Jankelová 
520 |a Recenzia na monografiu, ktorá reaguje na vysoko aktuálnu problematiku využitia podnikovej kultúry v personálnom riadení. 
610 2 0 |a recenzie 
610 2 0 |a manažment personálny 
610 2 0 |a kultúra podniková 
610 2 0 |a dobrovoľníctvo 
100 1 |a Jankelová, Nadežda, 1966-